SAFEGUARDING and protecting children, young people and families a guide for nurses and midwives

Salvato in:
Dettagli Bibliografici
Autore principale: edited by Watson, Gill, [and] Rodwell Sandra
Natura: Libro
Lingua:inglese
Pubblicazione: Sage 2014
Tags: Aggiungi Tag
Nessun Tag, puoi essere il primo ad aggiungerne!!

MARC

LEADER 00000nam a22000007a 4500
008 210126b ||||| |||| 00| 0 eng d
020 |a 978-1-4462-4890-4 
100 |a edited by Watson, Gill, [and] Rodwell Sandra 
245 |a SAFEGUARDING and protecting children, young people and families  |b a guide for nurses and midwives  |c edited by Gill Watson [and] Sandra Rodwell.  |g xviii; 198p.; ill. 
250 |c edited by Watson, Gill, [and] Rodwell Sandra 
260 |b Sage  |c 2014  |h Los Angeles  |i 693295  |i 693296  |l RJ245 .Sa1  |m Child development  |m Children - Social conditions  |m Children – Social conditions  |m Youth – Social conditions  |m Midwives – Training of.  |m Nurses – Training of.  |m Child welfare.  
942 |a lcc  |c BK  |e YUNUSA, A.A.  |f 26/01/2021 
999 |c 995  |d 995